000 00832njm a22002177a 4500
005 20100830141458.0
007 sd ammalaaahaa
008 100830t xxu||||| |||| 00| 0 eng d
028 _aN. 16939
_bHis Master Voice
100 _a Jaganmoy
_917781
245 _aJan gan man adhinayak Part 1/
_c by Jaganmoy
_h[sound recording] :
246 _aजन गन मन अधिनायक (जगंमोय )
260 _aDum Dum, India
_bHis Master's Voice,
300 _a1 sound disc [GR] :
_banalog, 33 1/3 rpm ;
_c10 in
500 _aBrief record
505 _avandematram (वन्देमातरम )
650 _aclassical music
_xExcerpts.
_zIndia
_917523
700 _aJaganmoy
_917524
942 _2ddc
_cGR
_hGR-52
999 _c43141
_d43141